Merlion Arts Library: (Record no. 6702)

MARC details
000 -LEADER
fixed length control field 00667nam a22002177a 4500
003 - CONTROL NUMBER IDENTIFIER
control field OSt
005 - DATE AND TIME OF LATEST TRANSACTION
control field 20251202105625.0
008 - FIXED-LENGTH DATA ELEMENTS--GENERAL INFORMATION
fixed length control field 251202b |||||||| |||| 00| 0 eng d
020 ## - INTERNATIONAL STANDARD BOOK NUMBER
International Standard Book Number 1-85-737-003-1
040 ## - CATALOGING SOURCE
Original cataloging agency DWCL - Main Library
Transcribing agency OC
082 ## - DEWEY DECIMAL CLASSIFICATION NUMBER
Classification number GR. 700 M552 1993
100 ## - MAIN ENTRY--PERSONAL NAME
Personal name Pollard, Michael
245 ## - TITLE STATEMENT
Title Merlion Arts Library:
Remainder of title on stage /
Statement of responsibility, etc. Michael Pollard (and 2 others)
260 ## - PUBLICATION, DISTRIBUTION, ETC.
Name of publisher, distributor, etc. Merlion Publishing Ltd.,
Date of publication, distribution, etc. c1993
300 ## - PHYSICAL DESCRIPTION
Other physical details 192 pages :
Extent colored illustration ;
Dimensions 28 cm.
504 ## - BIBLIOGRAPHY, ETC. NOTE
Bibliography, etc. note 1. Includes glossary
504 ## - BIBLIOGRAPHY, ETC. NOTE
Bibliography, etc. note 2. index
700 ## - ADDED ENTRY--PERSONAL NAME
Personal name I. Bingham, Caroline
Relator term Author
700 ## - ADDED ENTRY--PERSONAL NAME
Personal name II. Paker, Josephine
Relator term Author
942 ## - ADDED ENTRY ELEMENTS (KOHA)
Source of classification or shelving scheme Dewey Decimal Classification
Koha item type General Reference
Call number suffix GR.
Suppress in OPAC No
952 ## - LOCATION AND ITEM INFORMATION (KOHA)
--
Holdings
Withdrawn status Lost status Source of classification or shelving scheme Damaged status Not for loan Home library Current library Shelving location Date acquired Source of acquisition Total Checkouts Full call number Barcode Date last seen Price effective from Koha item type Uniform Resource Identifier
    Dewey Decimal Classification     Junior High School Library Junior High School Library General Reference 12/02/2022 Library Fund   GR. 700 M552 1993 21010 12/02/2025 12/02/2025 GR